| 000 | 00453 a2200145 4500 | ||
|---|---|---|---|
| 020 | _a8176295620 (hardcover) | ||
| 020 | _a9788176295628 (hardcover) | ||
| 090 |
_c4216 _d4216 |
||
| 100 | 1 | _aVerma, S.B. | |
| 245 | 1 | 0 |
_aRisk management / _cS.B. Verma. |
| 260 |
_a[S.l.] : _bDeep & Deep Publications, _c2005. |
||
| 300 | _a522 p. | ||
| 856 | 4 | 0 |
_3Amazon.com _uhttp://www.amazon.com/exec/obidos/ASIN/8176295620/chopaconline-20 |
| 942 |
_aNBS _cBK _k658.115 VER |
||
| 999 |
_c346666 _d346666 |
||